Statistics for Portuguese Football Players That Play Abroad

Click here to take the quiz!

General Stats

  • This quiz has been taken 85 times
    (83 since last reset)
  • The average score is 11 of 17

Answer Stats

HintAnswer% Correct
Real MadridCristiano Ronaldo
97%
Real MadridPepe
83%
BesiktasRicardo Quaresma
77%
MonacoBernardo Silva
76%
Real MadridFabio Coentrao
76%
MonacoJoao Moutinho
73%
SouthamptonJose Fonte
66%
LyonAnthony Lopez
61%
Atletico MadridTiago
59%
MonacoRicardo Carvalho
58%
FenerbahceNani
56%
Zenit St PetersburgDanny
52%
FenerbahceBruno Alves
48%
FenerbahceRaul Meireles
48%
Swansea CityEder
45%
SevillaBeto
42%
Zenit St PetersburgNeto
39%

Score Distribution

Percentile by Number Answered

Percent of People with Each Score

Your Score History

You have not taken this quiz since the last reset